Gestión ambiental del Gobierno de Chile

Guardat en:
Dades bibliogràfiques
Autor corporatiu: Comisión Nacional del Medio Ambiente (Autor)
Format: Llibre
Idioma:espanyol
Publicat: Santiago CONAMA 1997
Matèries:
Etiquetes: Afegir etiqueta
Sense etiquetes, Sigues el primer a etiquetar aquest registre!

MARC

LEADER 00000nam a2200000 a 4500
001 UCR4491
003 CL-VaPUC
008 980313e19970000CL |||||||||||||||||spa|d
020 |a 9567204136 
082 0 4 |a 363.7  |b COM  |2 21 
110 2 |a Comisión Nacional del Medio Ambiente  |e author  |9 404706 
245 1 0 |a Gestión ambiental del Gobierno de Chile 
300 |a 150 p 
942 |c BK 
945 |d 19980313 00:00:00  |a rleighto 
260 |a Santiago  |b CONAMA  |c 1997 
650 0 |a Política ambiental  |9 262970 
650 7 |a CONTROL DE LA CONTAMINACION  |2 CL-VaPUC  |9 338077 
650 0 |a Recursos hídricos  |9 346690 
650 0 |a Residuos sólidos   |9 367336 
650 0 |a Recursos naturales  |9 255232 
650 0 |a Medio ambiente  |9 257625 
650 0 |a Gestión ambiental   |9 338121 
583 |a last modification  |c 20130328 13:31:44  |k Rodrigo Vera 
999 |c 267432  |d 267430 
952 |0 0  |1 0  |4 0  |6 363_700000000000000_COM_1997  |7 0  |8 A  |9 299741  |a BIBDER  |b BIBDER  |d 2019-11-20  |i 4120582  |o 363.7 COM 1997  |p 4120582  |r 2023-01-25  |w 2019-11-20  |y BK  |k DER